|
|
|
|
| LEADER |
00000naa0a2200000 4500 |
| 001 |
656441 |
| 005 |
20250620142451.0 |
| 035 |
|
|
|a (RuTPU)RU\TPU\network\22882
|
| 035 |
|
|
|a RU\TPU\network\18828
|
| 090 |
|
|
|a 656441
|
| 100 |
|
|
|a 20171114d2017 k y0rusy50 ca
|
| 101 |
0 |
|
|a rus
|
| 102 |
|
|
|a RU
|
| 135 |
|
|
|a drcn ---uucaa
|
| 181 |
|
0 |
|a i
|
| 182 |
|
0 |
|a b
|
| 200 |
1 |
|
|a Оценка риска развития неканцерогенных эффектов у населения района оз. Поянху (Китай) в связи с загрязнением грунтовых вод соединениями азота
|f В. В. Дребот, Е. А. Солдатова
|
| 203 |
|
|
|a Текст
|c электронный
|
| 300 |
|
|
|a Заглавие с экрана
|
| 320 |
|
|
|a [Библиогр.: с. 83 (4 назв.)]
|
| 463 |
|
|
|t Строение литосферы и геодинамика
|o материалы XXVII Всероссийской молодежной конференции с участием исследователей из других стран, Иркутск, 22–28 мая 2017 г.
|f отв. ред. Е. В. Скляров
|v [С. 82-83]
|d 2017
|
| 610 |
1 |
|
|a электронный ресурс
|
| 610 |
1 |
|
|a труды учёных ТПУ
|
| 610 |
1 |
|
|a риски
|
| 610 |
1 |
|
|a развитие
|
| 610 |
1 |
|
|a загрязнение
|
| 610 |
1 |
|
|a грунтовые воды
|
| 610 |
1 |
|
|a неканцерогенные эффекты
|
| 700 |
|
1 |
|a Дребот
|b В. В.
|c гидрогеолог
|c инженер-исследователь Томского политехнического университета
|f 1995-
|g Валерия Витальевна
|3 (RuTPU)RU\TPU\pers\46654
|
| 701 |
|
1 |
|a Солдатова
|b Е. А.
|c гидрогеолог
|c инженер-исследователь Томского политехнического университета
|f 1989-
|g Евгения Александровна
|3 (RuTPU)RU\TPU\pers\32042
|
| 712 |
0 |
2 |
|a Национальный исследовательский Томский политехнический университет (ТПУ)
|b Институт природных ресурсов (ИПР)
|b Кафедра гидрогеологии, инженерной геологии и гидрогеоэкологии (ГИГЭ)
|3 (RuTPU)RU\TPU\col\18664
|
| 801 |
|
1 |
|a RU
|b 63413507
|c 20141010
|
| 801 |
|
2 |
|a RU
|b 63413507
|c 20201106
|g RCR
|
| 850 |
|
|
|a 63413507
|
| 856 |
4 |
|
|u http://www.crust.irk.ru/images/upload/newsabout241/1191.pdf#page=82
|
| 942 |
|
|
|c CF
|